000 00334nam a2200145Ia 4500
999 _c7269
_d7269
008 191201s2008 xx 000 0 und d
020 _a9780071368414
100 _aLipschutz, Seymour
245 0 _aDiscrete Mathematics
250 _aRep.
260 _c2008
_bTMH
_aN.Delhi
300 _amisc.
650 _aMCA
942 _2ddc
_cBB
_028